| 000 | 00757cab a2200241 4500 | ||
|---|---|---|---|
| 001 | WB3406-36 | ||
| 008 | 090401t1998 xxu||||| |||| 00| 0 eng d | ||
| 035 | _a(Sirsi) u84219 | ||
| 041 | _aeng | ||
| 245 | _aEstate agency ranking | ||
| 260 | _c1998 | ||
| 350 | _a0 | ||
| 490 |
_aEstate Agency News _v(131) February 1998, 1&3(2) |
||
| 520 | _aThe residential agency offices league table has seen few significant changes over the past year. Identifies the groups which have grown fastest. | ||
| 650 | _aBLACK HORSE AGENCIES | ||
| 650 | _aHAMBRO COUNTRYWIDE | ||
| 650 | _aLEAGUE TABLE | ||
| 650 | _aRANKING | ||
| 650 | _aRESIDENTIAL AGENTS | ||
| 690 | _aMANAGEMENT-BUSINESS MANAGEMENT-PROFESSIONAL PRACTICE | ||
| 942 | _n0 | ||
| 948 | _c12/02/1998 | ||
| 999 |
_c52921 _d52921 |
||